Quizzes
Events
Quiz Creation
Community
Videos
Private Events
Remove Ads
Sign In
Join for FREE
Feedback
Dark Mode
Quiz Categories
Sports
Geography
Music
Movies
Television
Just For Fun
Miscellaneous
History
Literature
Language
Science
Gaming
Entertainment
Religion
Holiday
For Kids
Quiz Lab
Recent
Popular Today
Quiz Kudos Today
Editor Picks
Curator Picks
Quizzes by...
Day
Popularity
Type
Ratings
Length
Year
Community
Subscriptions
Recent Discussions
Orange Saloon
Badges
Playlists
Quests
Create
Leaderboards
Showdown
Live 5
Trivia Bingo
Activity
Puzzle Library
Sporcle Events
Private Events
Virtual Trivia
Globe League
Become a Host
Pub Owners
SporcleCon
Opinionation
Our Games
Videos
Blog
Mobile Apps
Partnerships
Remove Ads and Go Orange
Feedback
Sports
Athletes
MLB
NBA
NHL
NFL
Soccer
Sports Teams
WWE
NCAA
Football
Premier League
Basketball
Baseball
Hockey
Golf
Tennis
Cricket
Rugby
Auto Racing
Olympics
World Cup
Sports
Athletes
MLB
NBA
NHL
NFL
Soccer
Sports Teams
WWE
NCAA
Football
Premier League
Basketball
Baseball
Hockey
Golf
Tennis
Cricket
Rugby
Auto Racing
Olympics
World Cup
Random Quiz
Search Sporcle
×
Quiz Lab
Quiz Lab
Sports
NBA
Type in answers that appear in a list
Type in answers that appear in a list
Classic
Best Score? Go Orange.
NBA Dunk Leaders (2010-2011) Stats
Can you name the NBA Dunk Leaders (2010-2011)?
By
FarmerBob
8m
50 Questions
3,501 Plays
3,501 Plays
3,501 Plays
Comments
Comments
Give Quiz Kudos
Give Quiz Kudos
-
- Ratings
hide this ad
Replay
Link that replays current quiz
Next Quiz
Link to next quiz in quiz playlist
You Got
0%
They Got
Avg Score
52%
Avg Friend Score
Upgrade to see
Score Distribution
Jump to the score distribution portion of the page
Score
0/50
Timer
08:00
0
Plays Today
Number of Dunks
Player
% Correct
227
Dwight Howard
97.2%
214
Blake Griffin
97.1%
98
LeBron James
89.9%
125
Kevin Durant
88.3%
102
Dwyane Wade
84.9%
148
LaMarcus Aldridge
79.7%
158
DeAndre Jordan
77.8%
54
Carmelo Anthony
77.7%
119
Amar'e Stoudemire
77.1%
129
Tyson Chandler
74.7%
102
Serge Ibaka
74.4%
73
Pau Gasol
72.4%
98
Josh Smith
71.5%
87
Brook Lopez
68.3%
112
Nene
65.6%
77
Andrew Bynum
65.2%
102
Andre Iguodala
64.7%
58
Joakim Noah
62.3%
59
Kevin Garnett
61.7%
155
JaVale McGee
58.7%
60
Al Horford
56%
81
Roy Hibbert
55.2%
60
Marcin Gortat
54.3%
77
Shawn Marion
54.2%
80
David Lee
53.5%
Number of Dunks
Player
% Correct
63
Andrew Bogut
53.4%
74
Al Jefferson
51.8%
67
Amir Johnson
51.4%
54
DeMarcus Cousins
48.3%
84
Emeka Okafor
48.1%
62
Rudy Gay
48.1%
60
DeMar DeRozan
45.7%
99
J.J. Hickson
43.4%
56
Ed Davis
41.2%
64
Kenyon Martin
40.8%
83
Derrick Favors
36.6%
99
Kris Humphries
35.3%
84
Thaddeus Young
35%
68
Andrei Kirilenko
33.9%
61
Taj Gibson
32.8%
54
Tayshaun Prince
32.3%
81
Brandon Bass
32.2%
57
Samuel Dalembert
31.5%
63
Brendan Haywood
31.2%
71
Dorell Wright
23.1%
53
Nicolas Batum
20.8%
74
Josh McRoberts
15.4%
84
Hakim Warrick
14.4%
70
Ryan Hollins
6%
66
Chris Wilcox
5.7%
Quiz Playlist
Details
Report
Send in Message
Add To Playlist
Classic:
Type in answers that appear in a list
Quiz Source
Last Updated: Feb 16, 2017
Quiz Scoreboard
CHALLENGE
Sign Up to Join the Scoreboard
Show All
Scores
Hide
Comments
May contain spoilers
Recently Published
Billboard Blitz: Fleetwood Mac
by CooCooCachoo
Music
15s
Presidents Visiting Landmarks
by Hejman
History
7m
An Introduction to Baseball
by treessimontrees
Sports
5m
More to Explore
Quiz From the Vault
Featured Blog Post
Where Did the Easter Bunny Come From?
hide this ad
You Might Also Like...
Tags
Basketball Quiz
NBA Quiz
2010-2011
dunk
Player
team
Today's Top Quizzes in Sports
Browse Sports
hide this ad
Today's Top Quizzes in NBA
Browse NBA
Top Contributed Quizzes in Sports
1
Les meilleurs buteurs des matchs entre le PSG et l’OM
2
2022 World Cup Stars
3
FIFA Club World Cup Champions
4
Les entraîneurs de l'OM et du PSG au 21e siècle
5
Criteria MLB: Left Handed Sluggers
6
Name the Premier League winners with different clubs
7
5-to-1: UK Sports Teams
8
AFC Teams Reveal (Wrong Answers Minefield)
9
Players with Multiple 50 Home Run Seasons
10
5-to-1: FBS Animal Nicknames
Explore More
Trending Topics
Anime
NBA
Disney
Marvel
Harry Potter
Kpop
Crossword
Pokémon
Country
Song
The Office
Puzzle
Soccer
NFL
WWE
hide this ad
More By:
FarmerBob
Quiz
Plays
Rating
Category
Featured
Created
Will Smith Movie by Image
86,891
4.43
Movies
Mar 20, 2011
Mixed Word: Candy Bars
73,876
4.13
Just For Fun
Mar 5, 2011
Adam Sandler Movies by Image
63,926
4.28
Movies
Mar 3, 2011
NBA Carmelo Anthony Trade
46,067
2.80
Sports
Feb 22, 2011
Speed NBA History
5,540
3.93
Sports
Feb 27, 2011
Go to Creator's Profile
Score Distribution
Quiz Creator Spotlight
FarmerBob
Follow
Send a Message
Quizzes Created
-
Created Quiz Play Count
-
More By This Creator
Popular Quizzes Today
1
Find the US States - No Outlines Minefield
2
Find the Countries of Europe - No Outlines Minefield
3
The Countries of the World
4
Find the US States
5
Risky Map Clicking: Biggest States A-Z
6
US States
7
Popular People in 1961
8
Movies - When Are They Set?
More Sports Quizzes
49ers Who Have Received MVP Votes
Quiz Lab
Trending Quizzes
Risky Map Clicking: Least Populous States A-Z
1-10 Letter G Words
1-10 Letter F Words
Risky Map Clicking: Next State Alphabetically
Risky Map Clicking: Biggest States A-Z
Recently Updated
Leaping Animals
pecheneg
Reality TV Shows (A-Z)
bhenderson79
Rickey Henderson's Hall of Fame Teammates
pecheneg
Champions League XIs: Arsenal
pecheneg
Quick Pick: Celebrities in WWE's Hall of Fame
aduchscher
A-Z Keypad Blitz II
pecheneg
Multiple Oscar Actors
pecheneg
Mystery Phrase Blitz: Oscar 'Best Actors'
pecheneg
F. Scott Fitzgerald Novels
LTH
Pick 3 Villains
ddd62291
Trending Topics
Crossword
Anime
Disney
Marvel
Harry Potter
Kpop
NBA
NFL
Pokémon
Song
Soccer
Puzzle
WWE
The Office
Country
Your Account Isn't Verified!
In order to create a playlist on Sporcle, you need to verify the email address you used during registration. Go to your
Sporcle Settings
to finish the process.
Report this User
Report this user for behavior that violates our
Community Guidelines
.
Details:
Send Report
Go to the Sporcle.com Mobile Site →
Comments